Les plus gros transferts du football - Nés en 2000 - Statistiques

Statistiques générales
  • Ce quiz a été pris 143 fois
  • Le résultat moyen est 9 sur 10
Statistiques - réponses
Montant de transfert (M €) Saison Nationalité Venant de Allant à Joueur % Correct
60,00 2022-2023 Norvège Borussia Dortmund Manchester City Erling Haaland
98%
85,00 2021-2022 Angleterre Borussia Dortmund Manchester United Jadon Sancho
96%
80,00 2022-2023 France AS Monaco Real Madrid Aurélien Tchouaméni
95%
95,00 2022-2023 Brésil Ajax Manchester United Antony
94%
83,50 2021-2022 Serbie Fiorentina Juventus Turin Dušan Vlahović
93%
45,00 2018-2019 Brésil Flamengo Real Madrid Vinicius Junior
92%
64,00 2023-2024 Italie AC Milan Newcastle Sandro Tonali
86%
80,40 2022-2023 France Leicester City Chelsea Wesley Fofana
81%
55,00 2021-2022 Espagne Manchester City Barcelone Ferran Torres
77%
70,00 2023-2024 Hongrie RB Leipzig Liverpool Dominik Szoboszlai
73%
Aucun quiz correspondant
Distribution des résultats
% des personnes avec chaque résultat
Percentile par nombre de réponses
Votre historique - résultats
Vous n’avez pas pris ce quiz